3D tlač náhrady kostných tkanív z kompozitných filamentov - štúdium mechanických vlastností

Salvato in:
Dettagli Bibliografici
Autore principale: Jurašková, Sára (Autore)
Altri autori: Hajdúchová, Zora (Relatore della tesi)
Natura: Manoscritto Libro
Lingua:slovacco
Pubblicazione: 2022
Soggetti:
Accesso online:http://is.stuba.sk/zp/portal_zp.pl?podrobnosti=158085
Tags: Aggiungi Tag
Nessun Tag, puoi essere il primo ad aggiungerne!!

MARC

LEADER 00000ntm a22000003a 4500
001 stuzp87812
003 SK-STU
005 20220625210512.3
007 ta
008 150427s2015----xo-----f-mn---000-0-slo-d
040 |a STU  |b slo 
041 0 |a slo 
100 1 |a Jurašková, Sára  |u 042110  |4 aut  |U FCHPT Ústav anorganickej chémie, technológie a materiálov  |T FCHPT Oddelenie anorganických materiálov  |X 105401  |U C2110  |Y 110  |7 105401 
242 0 1 |a 3D printing of bone tissues from composite filaments – study of mechanical properties  |y eng 
245 1 0 |a 3D tlač náhrady kostných tkanív z kompozitných filamentov - štúdium mechanických vlastností 
260 |c 2022 
650 4 |a pevnosť v ohybe  |2 slo 
650 4 |a hydroxyapatit  |2 slo 
650 4 |a FDM  |2 slo 
650 4 |a spekanie  |2 slo 
650 4 |a pórovitosť  |2 slo 
650 4 |a sintering  |2 eng 
650 4 |a FDM  |2 eng 
650 4 |a porosity  |2 eng 
650 4 |a flexural strength  |2 eng 
650 4 |a hydroxyapatite  |2 eng 
700 1 |a Hajdúchová, Zora  |u 042110  |k Z1  |4 ths  |U FCHPT Ústav anorganickej chémie, technológie a materiálov  |T FCHPT Oddelenie anorganických materiálov  |X 25470  |U C2110  |Y 110  |7 A000025470 
856 4 |u http://is.stuba.sk/zp/portal_zp.pl?podrobnosti=158085